000 00364nam a2200157Ia 4500
008 151213s9999 xx 000 0 und d
100 _aM.C.Kuchal
245 _aMercantile Law
_cM.C.Kuchal
250 _a6th
260 _aNew Delhi
_bVikash Publishers Ltd.
_c2005
300 _a6619 p.
650 _aLaw
650 _aLaw
700 _aM.C.Kuchal
999 _c3656
_d3656